| 000 | 00692nam a2200241Ia 4500 | ||
|---|---|---|---|
| 003 | OSt | ||
| 005 | 20220918220024.0 | ||
| 006 | a|||||r|||| 00| 0 | ||
| 007 | ta | ||
| 008 | 220917b |||||||| |||| 00| 0 eng d | ||
| 024 | _a144,036 | ||
| 037 | _cTextual | ||
| 040 |
_aARTS _cARTS _beng |
||
| 041 |
_2eng _aeng |
||
| 082 | _aY17.6, G9(906), G9;K6(9060-;1 | ||
| 100 |
_aSeligman C G _9136226 |
||
| 245 | 0 | _aRaces of Africa | |
| 260 |
_aNA _bNA _c1939 |
||
| 490 | _aHome University Library of modern knowledge ed by H A L Fisher etc | ||
| 650 | _aSOCIOLOGY | ||
| 942 |
_hY17.6, G9(906), G9;K6(9060-;1 _cTEXL _2CC |
||
| 999 |
_c266950 _d266950 |
||